Jurisprudence (Record no. 6403)

MARC details
000 -LEADER
fixed length control field 00402nam a22001817a 4500
005 - DATE AND TIME OF LATEST TRANSACTION
control field 20210904111801.0
008 - FIXED-LENGTH DATA ELEMENTS--GENERAL INFORMATION
fixed length control field 200521b xxu||||| |||| 00| 0 eng d
020 ## - INTERNATIONAL STANDARD BOOK NUMBER
ISBN 9788180389924
041 ## - LANGUAGE CODE
Language code of text/sound track or separate title eng
082 ## - DEWEY DECIMAL CLASSIFICATION NUMBER
Classification number 340 DIA
100 ## - MAIN ENTRY--AUTHOR NAME
Personal name DIAS,R W M
245 ## - TITLE STATEMENT
Title Jurisprudence
250 ## - EDITION STATEMENT
Edition statement 5'th
260 ## - PUBLICATION, DISTRIBUTION, ETC. (IMPRINT)
Place of publication Haryana
Name of publisher Lexisnexis
Year of publication 2013
300 ## - PHYSICAL DESCRIPTION
Number of Pages 520p.
650 ## - SUBJECT ADDED ENTRY--TOPICAL TERM
Topical Term LAW
942 ## - ADDED ENTRY ELEMENTS (KOHA)
Koha item type Books
Holdings
Lost status Damaged status Collection code Home library Current library Shelving location Date acquired Source of acquisition Cost, normal purchase price Full call number Accession Number Koha item type
    Reference JRU Library JRU Library SHELF-1-A 02/06/2020 PURCHASE 995.00 340 DIA 24281 Books
    LAW JRU Library JRU Library SHELF-30-B 02/06/2020 PURCHASE 995.00 340 DIA 24282 Books
    LAW JRU Library JRU Library SHELF-30-B 02/06/2020 PURCHASE 995.00 340 DIA 24283 Books